[Event "MNT-ch (Women)"]
[Site "Cetinje"]
[Date "2007.07.27"]
[Round "8"]
[White "Misovic, Sanja"]
[Black "Vujosevic, Snezana"]
[Result "0-1"]
[WhiteElo "1872"]
[BlackElo "1998"]
[PlyCount "88"]
[EventDate "2007.07.20"]
[EventType "tourn"]
[EventRounds "9"]
[EventCountry "MNE"]
[SourceTitle "CBM 119 Extra"]
[Source "ChessBase"]
[SourceDate "2007.09.04"]
[SourceVersion "1"]
[SourceVersionDate "2007.09.04"]
[SourceQuality "1"]

1. d4 d5 2. c4 e6 3. Nc3 c6 4. Nf3 Bd6 5. g3 Ne7 6. b3 0-0 7. Bg2 Nd7 8. 0-0 f5 9. e3 Ng6 10. cxd5 exd5 11. Rb1 Qe7 12. Bd2 Nf6 13. Na4 Ne4 14. b4 b6 15. Qc2 Ba6 16. Rfc1 Bb5 17. a3 Rac8 18. Nc3 Bc4 19. Be1 h5 20. Nxe4 fxe4 21. Nd2 Bd3 22. Qb3 Bxb1 23. Rxb1 Kh8 24. b5 Qg5 25. h4 Qf5 26. Kh2 Rc7 27. Kg1 Ne7 28. a4 g5 29. hxg5 Qxg5 30. Nf1 Rg8 31. a5 h4 32. axb6 axb6 33. bxc6 Rxc6 34. Ra1 hxg3 35. fxg3 Rgc8 36. Qb2 Qg6 37. Ra7 Bc7 38. Qa1 Qe6 39. Nd2 Bb8 40. Qd1 Bxa7 41. Qh5+ Qh6 42. Qe5+ Qf6 43. Qh5+ Kg7 44. Qg4+ Qg6 0-1

[Event "YUG-ch (Women)"]
[Site "Budva"]
[Date "2002.??.??"]
[Round "?"]
[White "Vujosevic, Snezana"]
[Black "Drljevic, Ljilja"]
[Result "1/2-1/2"]
[WhiteElo "2014"]
[BlackElo "2115"]
[PlyCount "109"]
[EventDate "2002.08.??"]
[EventType "team"]
[EventRounds "9"]
[EventCountry "YUG"]
[SourceTitle "EXT 2003"]
[Source "ChessBase"]
[SourceDate "2002.11.25"]
[SourceVersion "1"]
[SourceVersionDate "2002.11.25"]
[SourceQuality "1"]

1. e4 d6 2. d4 Nf6 3. Bd3 Nc6 4. c3 e5 5. d5 Nb8 6. Ne2 g6 7. 0-0 Bg7 8. h3 0-0 9. Bg5 Nbd7 10. Nd2 c6 11. c4 h6 12. Be3 Nh5 13. Ng3 Nf4 14. Nf3 Qf6 15. Bc2 cxd5 16. exd5 Nb6 17. b3 Qd8 18. Rb1 f5 19. Qd2 g5 20. Ne2 Nxe2+ 21. Qxe2 Nd7 22. Nh2 Nf6 23. Bd2 Bd7 24. Rbe1 Rc8 25. Bb1 Qc7 26. Rc1 Qb8 27. a4 a6 28. g4 f4 29. f3 b5 30. axb5 axb5 31. Rfe1 bxc4 32. bxc4 Rc7 33. Bd3 Rfc8 34. Rb1 Qa7+ 35. Qf2 Qa3 36. Bf1 Ne8 37. Ra1 Qb3 38. Reb1 Qc2 39. Be1 Qg6 40. Ba5 e4 41. Bxc7 e3 42. Qe2 Nxc7 43. Rc1 Bxa1 44. Rxa1 Qf6 45. Rc1 Na6 46. Qa2 Nc5 47. Be2 Be8 48. Qa7 Qb2 49. Re1 Qd2 50. Qa1 Bg6 51. Nf1 Qc2 52. Qf6 Bd3 53. Qxh6 Bxe2 54. Qxg5+ Kf7 55. Qxf4+ 1/2-1/2

[Event "YUG Cup (Women)"]
[Site "Herceg Novi"]
[Date "2001.09.04"]
[Round "2"]
[White "Chelushkina, Irina"]
[Black "Vujosevic, Snezana"]
[Result "1-0"]
[WhiteElo "2394"]
[BlackElo "2024"]
[PlyCount "104"]
[EventDate "2001.09.03"]
[EventType "team"]
[EventRounds "5"]
[EventCountry "YUG"]
[SourceTitle "CBM 084 Extra"]
[Source "ChessBase"]
[SourceDate "2001.10.26"]
[SourceVersion "1"]
[SourceVersionDate "2001.10.26"]
[SourceQuality "1"]

1. g3 f5 2. Bg2 Nf6 3. d3 d5 4. c4 e6 5. Nf3 c6 6. cxd5 exd5 7. 0-0 Bd6 8. Nc3 0-0 9. e4 fxe4 10. dxe4 Nxe4 11. Nxe4 dxe4 12. Ng5 Be7 13. Qxd8 Rxd8 14. Nxe4 Na6 15. Be3 Bg4 16. a3 Nc7 17. h3 Be2 18. Rfe1 Bc4 19. Rac1 Bd5 20. Bd4 Ne6 21. Be5 b6 22. h4 Nc5 23. Nxc5 Bxc5 24. b4 Bd6 25. Bxd6 Rxd6 26. Re7 Bxg2 27. Kxg2 a5 28. Rb7 axb4 29. axb4 b5 30. Re1 h5 31. Re5 g6 32. Ree7 Rf6 33. Rg7+ Kh8 34. Rh7+ Kg8 35. Rhg7+ Kh8 36. Rge7 Kg8 37. Rb6 Ra4 38. Rb8+ Rf8 39. Rbb7 Rf6 40. Re8+ Rf8 41. Re6 Rxb4 42. Rxg6+ Kh8 43. Rh6+ Kg8 44. Rxh5 Rb2 45. Rg5+ Kh8 46. Kh3 Rfxf2 47. Rb6 Rbe2 48. Rb8+ Kh7 49. Rb7+ Kh6 50. Rb6 Kh7 51. Kg4 Re3 52. Kh5 Rff3 1-0

[Event "YUG-chT (Women)"]
[Site "Herceg Novi"]
[Date "2001.05.??"]
[Round "4"]
[White "Dimovska, Aleksandra"]
[Black "Vujosevic, Snezana"]
[Result "1-0"]
[WhiteElo "2066"]
[BlackElo "2022"]
[PlyCount "103"]
[EventDate "2001.05.??"]
[EventType "team"]
[EventRounds "11"]
[EventCountry "YUG"]
[SourceTitle "CBM 082 Extra"]
[Source "ChessBase"]
[SourceDate "2001.07.03"]
[SourceVersion "1"]
[SourceVersionDate "2001.07.03"]
[SourceQuality "1"]

1. e4 c5 2. Nf3 Nc6 3. d4 cxd4 4. Nxd4 g6 5. Nc3 Bg7 6. Be3 Nf6 7. Nxc6 bxc6 8. e5 Ng8 9. f4 Nh6 10. Qd2 Qa5 11. Be2 Rb8 12. Rb1 d5 13. 0-0 0-0 14. Ne4 Qxd2 15. Nxd2 a6 16. Bc5 Re8 17. Nb3 Bf8 18. Nd4 Bb7 19. Rf3 e6 20. Nb3 Nf5 21. Bxf8 Kxf8 22. g4 Ne7 23. Nc5 Kg7 24. Rb3 Ba8 25. Bxa6 Rxb3 26. Nxb3 Rb8 27. c3 Bb7 28. Bxb7 Rxb7 29. Nc5 Ra7 30. a4 h5 31. h3 hxg4 32. hxg4 Nc8 33. Ra1 Kf8 34. a5 Ke7 35. Ra3 Kd8 36. Rb3 Kc7 37. a6 Nb6 38. Kf2 Nc4 39. Kg3 Nd2 40. Rb4 Ne4+ 41. Nxe4 dxe4 42. Ra4 Kb6 43. Kf2 Rxa6 44. Rxa6+ Kxa6 45. Ke3 Kb5 46. b3 c5 47. Kxe4 Kc6 48. Kd3 g5 49. Ke4 c4 50. b4 gxf4 51. Kxf4 Kd5 52. b5 1-0

[Event "YUG-chT (Women)"]
[Site "Herceg Novi"]
[Date "2001.05.??"]
[Round "2"]
[White "Popovic, Jelena"]
[Black "Vujosevic, Snezana"]
[Result "1-0"]
[WhiteElo "2015"]
[BlackElo "2022"]
[PlyCount "45"]
[EventDate "2001.05.??"]
[EventType "team"]
[EventRounds "11"]
[EventCountry "YUG"]
[SourceTitle "CBM 082 Extra"]
[Source "ChessBase"]
[SourceDate "2001.07.03"]
[SourceVersion "1"]
[SourceVersionDate "2001.07.03"]
[SourceQuality "1"]

1. d4 e6 2. c4 f5 3. g3 Nf6 4. Bg2 d5 5. Nh3 Be7 6. 0-0 0-0 7. b3 Nc6 8. Bb2 a5 9. Nd2 Ne4 10. Nf3 g5 11. Ne5 Nxe5 12. dxe5 c6 13. Rc1 Bd7 14. f3 Nc5 15. Kh1 h6 16. Nf2 a4 17. e4 fxe4 18. fxe4 dxe4 19. Qh5 Kg7 20. Ng4 Rf5 21. Qxh6+ Kg8 22. Nf6+ Bxf6 23. exf6 1-0

[Event "YUG-chT (Women)"]
[Site "Herceg Novi"]
[Date "2001.05.??"]
[Round "3"]
[White "Vujosevic, Snezana"]
[Black "Kezele, Tamara"]
[Result "1/2-1/2"]
[WhiteElo "2022"]
[BlackElo "2045"]
[PlyCount "29"]
[EventDate "2001.05.??"]
[EventType "team"]
[EventRounds "11"]
[EventCountry "YUG"]
[SourceTitle "CBM 082 Extra"]
[Source "ChessBase"]
[SourceDate "2001.07.03"]
[SourceVersion "1"]
[SourceVersionDate "2001.07.03"]
[SourceQuality "1"]

1. e4 e6 2. d4 d5 3. Nd2 Nf6 4. e5 Nfd7 5. Bd3 c5 6. c3 Nc6 7. Ne2 Qb6 8. Nf3 cxd4 9. cxd4 f6 10. exf6 Nxf6 11. Nc3 Bb4 12. 0-0 0-0 13. a3 Bxc3 14. bxc3 Qc7 15. g3 1/2-1/2

[Event "YUG-chT (Women)"]
[Site "Herceg Novi"]
[Date "2001.05.??"]
[Round "7"]
[White "Vujosevic, Snezana"]
[Black "Von Wantoch Rekowski, Danijela"]
[Result "1/2-1/2"]
[WhiteElo "2022"]
[BlackElo "2098"]
[PlyCount "64"]
[EventDate "2001.05.??"]
[EventType "team"]
[EventRounds "11"]
[EventCountry "YUG"]
[SourceTitle "CBM 082 Extra"]
[Source "ChessBase"]
[SourceDate "2001.07.03"]
[SourceVersion "1"]
[SourceVersionDate "2001.07.03"]
[SourceQuality "1"]

1. e4 c5 2. Nf3 e6 3. d4 cxd4 4. Nxd4 Nc6 5. Nb5 d6 6. Bf4 e5 7. Be3 a6 8. N5c3 Be6 9. Be2 Nf6 10. 0-0 Be7 11. Na3 b5 12. Nd5 0-0 13. f3 Bxd5 14. exd5 Nb4 15. c4 bxc4 16. Bxc4 Qa5 17. Qd2 Bd8 18. Rfd1 Bb6 19. Bxb6 Qxb6+ 20. Kh1 e4 21. fxe4 Nxe4 22. Qd4 Nc5 23. Rac1 Rae8 24. Re1 Qd8 25. Qc3 a5 26. Qf3 Qh4 27. Rxe8 Rxe8 28. Rf1 f6 29. g3 Qd4 30. Qc3 Qe4+ 31. Qf3 Qe5 32. Bb5 Re7 1/2-1/2